A csallóközi turul-emlékművek

Bibliographic Details
Main Author: Mathédesz, Lajos (Author)
Format: Article
Language:Hungarian
PhysicalDescription:Fotografie
ISSN:1336-3638
Subjects:

MARC

LEADER 00000nab a2200000 4500
001 vtls012080033
003 SK-MaSNL
005 20260318140420.0
008 211207|2021 xo |||| || ||00 0|hun
015 |a SNBRB2021/12 
040 |a DSZK  |b slo  |c DSZK  |e rda 
041 |a hun 
043 |a e-xo--- 
044 |a xo  |c SK 
072 7 |a 72  |x Architektúra  |2 konspekt 
080 |a 725.945  |2 2011 
100 1 |a Mathédesz, Lajos  |4 aut  |9 402545 
245 1 0 |a A csallóközi turul-emlékművek  |c Mathédesz Lajos 
300 |b Fotografie 
336 |a text  |b txt  |2 rdacontent 
337 |a bez média  |b n  |2 rdamedia 
338 |a zväzok  |b nc  |2 rdacarrier 
650 0 7 |a Turul (bájny vták)  |2 dszk  |9 1082804 
650 0 7 |a pamätníky  |2 SNKPH  |9 25601 
651 7 |a Holice (Slovensko)  |2 SNKPHgeo  |9 92289 
651 7 |a Čenkovce (Slovensko)  |2 SNKPHgeo  |9 31396 
651 7 |a Štvrtok na Ostrove (Slovensko)  |2 SNKPHgeo  |9 82249 
773 0 |t Csallóköz  |g Évf. 61, sz. 49-50 (2021), o. 4-5  |x 1336-3638 
852 |a DSZK  |b KIS3GCP 
958 |a SK 
958 |a HU 
958 |a RG 
999 |c 1827740  |d 1829670